Taylor Swift at 2am - Statistics

General Stats
  • This quiz has been taken 195 times
  • The average score is 3 of 8
Answer Stats
Hint Lyric Song % Correct
but I miss screaming and fighting and kissing in the rain, and it's 2am and I'm cursing your name The Way I Loved You
88%
the lingering question kept me up, 2am who do you love? Enchanted
87%
hope you know this ain't easy, easy for me, it's 2am feeling like I just lost a friend Breathe
40%
take me back to the creek beds we turned up, 2am riding in your truck Mary's Song (Oh My My My)
34%
and I remember that fight, 2:30am everything was slipping right out of our hands Mine
32%
I still remember the look on your face, lit through the darkness at 1:58 the words that you whispered for just us to know Last Kiss
28%
it's 2am in my room, headlights pass the windowpane, I think of you I Wish You Would
16%
it's 2am in your car, windows down, you pass my street, the memories start I Wish You Would
11%
No matching quizzes found
Score Distribution
Percent of People with Each Score
Percentile by Number Answered
Your Score History
You have not taken this quiz